000 00927cam a2200265 4500
008 090401t1996 xxu||||| |||| 00| 0 eng d
020 _a0632041250
035 _a(Sirsi) u59407
041 _aeng
050 _a692.9
100 _aRiding, Don
245 _aSub-contracts under DOM/1 & DOM/2: a guide to rights and obligations.
260 _aOxford
_bBlackwell Science
_c1996
300 _avii,247p. ; 24cm.
350 _a35
520 _aThe author, a quantity surveyor with many years experience, examines all the clauses of DOM/1 and DOM/2 concerned with rights and obligations and offers advice to sub-contractors on how to obtain payment and avoid disputes.
650 _aDOM1
650 _aDOM/2
650 _aDOMESTIC SUBCONTRACTS
650 _aJCT STANDARD FORM OF CONTRACT 1980
650 _aSUBCONTRACTS
690 _aBUILT ENVIRONMENT-BUILDING CONTRACT FORMS
942 _n0
948 _c04/03/1997
999 _c94144
_d94144